000 02046nam a2200445 c 4500
999 _c75482
_d75482
003 BLK
005 20240416160216.0
008 180408b bul|||||r ||||||| ||bul||
010 _aKNG00079898000
020 _a978-954-585-834-5
040 _aBLK
041 _aBUL
_cBUL
080 _aЖивопис - художници
_b75.071.1
_x(44)(092)
_z75.071.1(44)(092)
080 _aЖивопис - съвременни направления - Реализъм, импресионизъм и др. направления на ХХ в.
_b75.036
_x(44)(084)
_z75.036(44)(084)
080 _aФренска литература
_b821.133.1
_x-6
_z821.133.1-6
080 _aФренски художник импресионист(1832-1883)
_b929 Мане, Едуар
_z929 Мане, Едуар
139 _aУилсън-Баро, Жулиет
_bМ 25
_gM 25 E
245 1 0 _aМане
_bПисма и разговори ; Картини, пастели, гравюри и рисунки
_cсъстав. и предг. от Жулиет Уилсън-Баро; прев. от фр. Теодора Божилчева.
257 _aFRA
260 _bБард
_c2007
300 _a222 с.
_bс ил.
_c23 см
380 _a7
490 1 _aИмпресионистите разказват
500 _aОриг. загл. Mane by himself
600 1 4 _aМане, Едуар
_991964
600 1 4 _aManet, Edouard
_917723
650 4 _aХудожници, френски
_9249195
651 4 _aФранция
_9179722
653 _aфренски художници
653 _aЕдуар Мане
700 1 _aУилсън-Баро, Жулиет
_eсъстав. и предг. от
_9297444
700 _aБожилчева, Теодора Методиева
_d1966-
_9368435
852 _aЦб 237373
_c75(092)/M 25 E
856 4 _qpdf
856 4 _qpdf
942 _cKNG
_n0
_02
_s1
944 _aCR
_c03.12.2007
_k30560
_lГеновева Генчева
944 _aED
_c09.10.2015
_kГеновева_Генчева
999 _d75482